|
|
|
|
| LEADER |
00994nam a2200229 a 4500 |
| 001 |
7868464 |
| 008 |
090714r19451944enk b 001 0 eng d |
| 010 |
|
|
|a a\\45000661
|
| 040 |
|
|
|a DLC
|c CarP
|d DLC
|
| 082 |
0 |
0 |
|a 822.3/3
|
| 100 |
1 |
|
|a Gordon, George.
|
| 245 |
1 |
0 |
|a Shakespearian comedy and other studies /
|c by George Gordon.
|
| 260 |
|
|
|a London,
|a New York, etc. :
|b Oxford university press,
|c 1944 [reprinted 1945]
|
| 300 |
|
|
|a vii, 158 p.
|c 20 cm.
|
| 504 |
|
|
|a Includes bibliographical references and index.
|
| 541 |
1 |
|
|e 00009292
|
| 600 |
1 |
0 |
|a Shakespeare, William,
|d 1564-1616
|x Comedies.
|
| 600 |
1 |
0 |
|a Shakespeare, William,
|d 1564-1616
|x Criticism and interpretation.
|
| 700 |
1 |
|
|a Chambers, E. K.
|q (Edmund Kerchever),
|d 1866-1954.
|
| 852 |
4 |
|
|a Ayesha Abed Library
|j General shelf
|
| 999 |
|
|
|c 2444
|d 2444
|
| 952 |
|
|
|0 0
|1 0
|2 ddc
|4 1
|6 822_300000000000000_3_GOR
|7 0
|9 2258
|a BRACUL
|b BRACUL
|c SPS
|d 2009-07-15
|g 0.00
|l 0
|o 822.33 GOR
|p 3010009292
|r 2009-07-15
|t 1
|w 2009-07-15
|y BK
|x No price found in the accession register.
|